000 01037nam a2200265 a 4500
001 65162
003 BD-RjUL
005 20211209081407.0
008 191004s19881986bg ||||| |||| 00| 1 ben d
020 _c: IRs. 35.00
035 _a(BD-RjUL)65292
040 _aBD-RjUL
_bben
_cBD-RjUL
041 _aben
082 _223
_a891.443
_bADH 1986
082 _b1988
245 0 0 _aআধুনিক ভারতীয় গল্প /
_cমানবেন্দ্র বন্দ্যোপাধ্যায় , সম্পাদিত
260 _aকলকাতা :
_bভূর্জপত্র,
_c১৯৮৬
260 _c১৯৮৮
300 _a খণ্ড ;
_c২২ সেমি.
505 0 _aখন্ড, ২ -- খন্ড, ৩ --
650 _aবাংলা উপন্যাস
_9170454
_vসংগ্রহ
650 _aBengali Fiction
_vCollection
_9192994
700 _a বন্দ্যোপাধ্যায়, মানবেন্দ্র, সম্পাদক
_9233593
942 _2ddc
_cBK
999 _c65162
_d65162